01197 2200169 4500001002100000005001500021035002000036245008000056100002300136300003200159260003400191082001100225084001700236020002200253650001700275520073500292INLIS00000000000008720240502080054 a0010-05240000091 aAmmar Bin Yasir :bSeorang Tokoh Islam Penghuni Surga /cNurhayati Setiawan0 aNurhayati Setiawan avi, 54 hlm :bilus ;c25 cm aBandung :bTitian Ilmu,c2007 a297.63 a297.63 NUR a a978-979-901-299-9 4aSahabat Nabi aKeharmonisan keluarga dan keteguhan prinsip hidupnya untuk tidak murtad dari Islam telah membawa Ammar bin Yassir pada penyiksaan yang bertubi-tubi oleh kaum Quraisy. Ia rela dicambuk, dipukul dengan benda tajam, dan digusur di tengah padang pasir. Akan tetapi, karena hati dan jiwanya telah dilingkupi cahaya keimanan, ia lebih memilih kematan daripada harus melepaskan keyakinan Islam. Buku ini dimulai dengan riwayat perantauan Ammar bin Yassir, perjuangan dan persahabatan dengan Nabi Muhammad Saw sampai wafatnya Ammar. Dikisahkan pula tentang orang tua Ammar yang kerap merantau dan berpindah-pindah tempat, kehidupan Ammar kecil yang menderita, Ammar menjadi prajurit sejati yang shaleh, sampai wafatnya Ammar bin Yasir.